[Event "Vlado Andriusaicio Rapid A 2012"]
[Site "Vilnius LTU"]
[Date "2012.05.27"]
[Round "9"]
[White "Miknevicius,Laurynas"]
[Black "Bagdzius,G"]
[Result "1/2-1/2"]
[WhiteElo "1835"]
[BlackElo "1998"]

1.d4 e6 2.Nf3 Nf6 3.c4 b6 4.a3 Bb7 5.Nc3 Be7 6.Qc2 d5 7.Bg5 Nbd7 8.e3 O-O
9.cxd5 exd5 10.Bd3 h6 11.Bh4 Re8 12.O-O Rc8 13.Rac1 c5 14.Rfd1 Ne4 15.Bxe7 Qxe7
16.Qe2 Nxc3 17.Rxc3 c4 18.Bf5 Rcd8 19.Bxd7 Qxd7 20.Ne5 Qf5 21.Qf3 Qxf3 22.Nxf3 b5
23.Rdc1 a5 24.Ne5 f6 25.Nf3 Kf7 26.Rb1 b4 27.Rcc1 Ra8 28.Kf1 Bc8 29.Ne1 Bf5
30.Ra1 Rec8 31.Ke2 Ke7 32.Kd2 Kd6 33.h3  1/2-1/2

[Event "Albena Masters Open 2012"]
[Site "Albena BUL"]
[Date "2012.05.29"]
[Round "4.13"]
[White "Bargan,Se"]
[Black "Grigorov,G"]
[Result "0-1"]
[WhiteElo "2292"]
[BlackElo "2496"]

1.d4 Nf6 2.c4 e6 3.Nf3 b6 4.a3 Bb7 5.Nc3 d5 6.cxd5 exd5 7.g3 Bd6 8.Bh3 O-O
9.Nb5 Be7 10.Bf4 Na6 11.O-O Ne4 12.Rc1 c5 13.Ne5 f5 14.dxc5 bxc5 15.b4 Qe8
16.bxc5 Bxc5 17.Rxc5 Naxc5 18.Nc7 Qh5 19.Bg2 Nc3 20.Bf3 Qxf3 21.Nxf3 Nxd1
22.Nxa8 Nc3 23.Bd6 Rxa8 24.Bxc5 d4  0-1

[Event "1st Grand Europe Open"]
[Site "Golden Sands BUL"]
[Date "2012.06.05"]
[Round "2.49"]
[White "Swapnil,SD"]
[Black "Parligras,C"]
[Result "1-0"]
[WhiteElo "2445"]
[BlackElo "2264"]

1.d4 Nf6 2.c4 e6 3.Nf3 b6 4.a3 Bb7 5.Nc3 d5 6.cxd5 exd5 7.Bg5 Be7 8.e3 O-O
9.Bd3 c5 10.O-O Ne4 11.Bxe7 Qxe7 12.Qc2 Nd7 13.dxc5 Ndxc5 14.Rfd1 Rac8 15.Rac1 g6
16.Bf1 Rfd8 17.Nb5 Ba6 18.b4 Ne6 19.Qb2 Rxc1 20.Rxc1 Bxb5 21.Bxb5 d4 22.Nxd4 Nxd4
23.exd4 Qg5 24.Bc6 Nf6 25.Bf3 h5 26.Rd1 Nd5 27.Qb3 Qf5 28.Re1 Nc7 29.Rd1 Nb5
30.d5 Nd6 31.Qa4 Qd7 32.Qb3 Rc8 33.Qe3 Re8 34.Qf4 Qe7 35.g3 Qe5 36.Qxe5 Rxe5
37.Rc1 Re7 38.Kf1 Kf8 39.a4 Ke8 40.Rc6 Kd7 41.a5 bxa5 42.bxa5 Nc8 43.Bg2 g5
44.Rh6  1-0

[Event "11th TCh-BIH Premier"]
[Site "Jahorina BIH"]
[Date "2012.06.05"]
[Round "4.1"]
[White "Jankovic,A"]
[Black "Kovacevic,A"]
[Result "1/2-1/2"]
[WhiteElo "2564"]
[BlackElo "2557"]

1.d4 Nf6 2.c4 e6 3.Nf3 b6 4.a3 Bb7 5.Nc3 d5 6.Qa4+ Bc6 7.Qb3 dxc4 8.Qxc4 Be7
9.Bf4 O-O 10.e3 a6 11.Be2 b5 12.Qb3 Bb7 13.Qc2 Nbd7 14.b4 c6 15.O-O a5 16.Rab1 axb4
17.axb4 Nd5 18.Nxd5 exd5 19.Ne1 Ra7 20.Nd3 Qa8 21.Qc1 Nb6 22.Nc5 Bc8 23.Bd3 Na4
24.e4 Nxc5 25.dxc5 Be6 26.Be5 Rd8 27.exd5 Bxd5 28.Qf4 Re8 29.Rfe1 Qd8 30.h4 Bf8
31.Re3 f6 32.Bc7 Qd7 33.Rxe8 Qxe8 34.Bd6 Bxd6 35.cxd6 Qe5 36.Qxe5 fxe5 37.Re1 Rd7
38.Rxe5 Rxd6  1/2-1/2

[Event "1st Grand Europe Open"]
[Site "Golden Sands BUL"]
[Date "2012.06.08"]
[Round "5.63"]
[White "Omar,Noa"]
[Black "Petrov,Vl5"]
[Result "1-0"]
[WhiteElo "2322"]
[BlackElo "2002"]

1.d4 Nf6 2.c4 e6 3.Nf3 b6 4.a3 Bb7 5.Nc3 d5 6.Qc2 Be7 7.cxd5 exd5 8.Bf4 O-O
9.e3 c6 10.Bd3 Nbd7 11.O-O Re8 12.Rad1 Nf8 13.Ne5 Ng6 14.Bg3 Bd6 15.f4 Rc8
16.h3 Qe7 17.Bf5 Rc7 18.Bf2 Ba6 19.Rfe1 c5 20.Qa4 Bc8 21.g4 cxd4 22.exd4 Nxf4
23.Bg3 Ne6 24.Qb3 Rd8 25.Nb5 Bxe5 26.dxe5 Ne4 27.Bxe4 Nc5 28.Qc2 Rc6 29.Rxd5 Bd7
30.Bg2 a6 31.Nc3 Rdc8 32.Rxd7 Qxd7 33.Bxc6 Qxc6 34.Qg2 Qh6 35.Rd1 Qe3+ 36.Qf2 Qh6
37.Qd2  1-0

[Event "TCh-NOR Clubs 2012"]
[Site "Fagernes NOR"]
[Date "2012.06.09"]
[Round "4"]
[White "Holm,Kristian Stuvik"]
[Black "Urkedal,F"]
[Result "1/2-1/2"]
[WhiteElo "2292"]
[BlackElo "2439"]

1.d4 Nf6 2.c4 e6 3.Nf3 b6 4.a3 Ba6 5.Qc2 Bb7 6.Nc3 c5 7.e4 cxd4 8.Nxd4 Bc5
9.Nb3 Nc6 10.Bd3 O-O 11.O-O h6 12.Nxc5 bxc5 13.Be3 d6 14.f3 Qe7 15.Rfe1 Rfc8
16.Rad1 Rab8 17.Bf1 Rd8 18.Bf2 Bc8 19.Rd2 Qf8 20.Rb1  1/2-1/2

[Event "TCh-NOR Clubs 2012"]
[Site "Fagernes NOR"]
[Date "2012.06.10"]
[Round "6"]
[White "Aubert,C"]
[Black "Solberg,J"]
[Result "0-1"]
[WhiteElo "2063"]
[BlackElo "2239"]

1.d4 Nf6 2.c4 e6 3.Nf3 b6 4.a3 Bb7 5.Nc3 d5 6.cxd5 Nxd5 7.Qc2 Nxc3 8.Qxc3 Nd7
9.Bg5 Nf6 10.e3 Rc8 11.Bd3 Be7 12.b4 O-O 13.O-O c5 14.dxc5 Bxf3 15.gxf3 Qd5
16.f4 bxc5 17.e4 Qb7 18.Bxf6 Bxf6 19.e5 Be7 20.b5 c4 21.Bxc4 Qe4 22.Bd3 Qxf4
23.Qe1 Qg4+ 24.Kh1 Qf3+  0-1

[Event "5th Mayors Cup 2012"]
[Site "Mumbai IND"]
[Date "2012.06.10"]
[Round "5.8"]
[White "Ravi,L"]
[Black "Kunte,A"]
[Result "1/2-1/2"]
[WhiteElo "2324"]
[BlackElo "2538"]

1.d4 Nf6 2.Nf3 e6 3.c4 b6 4.a3 Ba6 5.Qc2 Bb7 6.Nc3 c5 7.e4 cxd4 8.Nxd4 Bc5
9.Nb3 Nc6 10.Bg5 h6 11.Bh4 Nd4 12.Nxd4 Bxd4 13.O-O-O Bxc3 14.Qxc3 Bxe4 15.f3 Bg6
16.Bd3 Rc8  1/2-1/2

[Event "26th Pula Open"]
[Site "Pula CRO"]
[Date "2012.06.14"]
[Round "7.4"]
[White "Saric,A"]
[Black "Aguettaz,M"]
[Result "1/2-1/2"]
[WhiteElo "2513"]
[BlackElo "2443"]

1.d4 Nf6 2.c4 e6 3.Nf3 b6 4.a3 Bb7 5.Nc3 Ne4 6.Nxe4 Bxe4 7.e3 Qf6 8.Bd3 Bxd3
9.Qxd3 Qg6 10.Qxg6 hxg6 11.b4 a5 12.b5 d6 13.a4 Nd7 14.Ba3 Be7 15.Ke2 Rc8
16.h3 f5 17.h4 Kf7 18.Rac1 e5 19.g3 Rhe8 20.Rhd1 Bf6 21.c5 e4 22.Ne1 d5 23.Rc2 Be7
24.c6 Nf6 25.Bxe7 Kxe7 26.Ng2 Nh5 27.Rg1 Rh8 28.Nf4  1/2-1/2

[Event "16th Voronezh Master Open"]
[Site "Voronezh RUS"]
[Date "2012.06.14"]
[Round "3.14"]
[White "Zakhartsov,Vi"]
[Black "Rodin,D"]
[Result "1/2-1/2"]
[WhiteElo "2562"]
[BlackElo "2353"]

1.d4 Nf6 2.c4 e6 3.Nf3 b6 4.a3 Bb7 5.Nc3 d5 6.cxd5 Nxd5 7.Qc2 Be7 8.e4 Nxc3
9.bxc3 O-O 10.Bd3 c5 11.O-O Nd7 12.d5 c4 13.Bxc4 Rc8 14.Ba2 exd5 15.exd5 Nf6
16.Rd1 Nxd5 17.Bb2 Rc5 18.c4 Bf6 19.Ne5 Qc8 20.Bb1 g6 21.Qd2 Rd8 22.Bc2 Nc3
23.Nd7 Rxd7 24.Qxd7 Ne2+ 25.Kf1 Bxb2 26.Rab1 Nc3 27.Qd8+ Kg7 28.Qd4+ Kg8
29.Qd8+ Kg7 30.Qd4+ Kg8 31.Qd8+  1/2-1/2

[Event "16th Voronezh Master Open"]
[Site "Voronezh RUS"]
[Date "2012.06.15"]
[Round "4.28"]
[White "Predke,A"]
[Black "Zhurikhin,A"]
[Result "1-0"]
[WhiteElo "2454"]
[BlackElo "2272"]

1.d4 Nf6 2.c4 e6 3.Nf3 b6 4.a3 Bb7 5.Nc3 Ne4 6.Bd2 Be7 7.d5 Nxd2 8.Qxd2 O-O
9.g3 Bf6 10.Rd1 Ba6 11.e3 d6 12.Nb5 Nd7 13.Qc2 Re8 14.Bd3 g6 15.h4 Nc5 16.Be2 exd5
17.cxd5 Qd7 18.Nbd4 Bxe2 19.Qxe2 a5 20.b3 Re4 21.b4 axb4 22.axb4 Na4 23.Qc2 Rae8
24.Kf1 b5 25.Kg2 Nb6 26.Qc6 Qxc6 27.dxc6 Bxd4 28.Nxd4 R8e5 29.Ra1 Nd5 30.Rhb1 Nc3
31.Rc1 Na4 32.Nxb5 Rxb5 33.Rxa4 Rbxb4 34.Ra7 Re7 35.h5 Kg7 36.Rh1 Rbe4 37.h6+ Kf6
38.Ra6 Ke6 39.Rb1 Re8  1-0

[Event "3rd Forni di Sopra Open"]
[Site "Forni di Sopra ITA"]
[Date "2012.06.17"]
[Round "2"]
[White "Rombaldoni,Ax"]
[Black "Kragelj,I"]
[Result "1-0"]
[WhiteElo "2469"]
[BlackElo "2203"]

1.d4 Nf6 2.c4 e6 3.Nf3 b6 4.a3 Bb7 5.Nc3 d5 6.Qc2 c5 7.dxc5 bxc5 8.cxd5 exd5
9.e4 d4 10.e5 Nfd7 11.Ne4 Be7 12.Bc4 Nb6 13.Bb5+ N8d7 14.b3 a6 15.Bd3 h6
16.h4 Nd5 17.Qe2 Qb8 18.b4 cxb4 19.Nxd4 Nxe5 20.Bc2 O-O 21.O-O Qc7 22.Nf5 Rfe8
23.axb4 Nxb4 24.Bb1 Bf8 25.Ra3 Rad8 26.Rg3 Kh8 27.Bb2 f6 28.Kh1 Ned3 29.Nxh6 Rxe4
30.Qh5 Qc5 31.Nf5+ Kg8 32.Nh6+ Kh8 33.Nf5+ Kg8 34.Bxf6 Rd5 35.Nh6+ Kh8 36.Nf5+ Kg8
37.Nh6+ Kh8 38.Qf7 Kh7 39.Rxg7+  1-0

[Event "5th Karen Asrian Memorial"]
[Site "Jermuk ARM"]
[Date "2012.06.17"]
[Round "2.16"]
[White "Nigalidze,G"]
[Black "Matevosian,S"]
[Result "0-1"]
[WhiteElo "2465"]
[BlackElo "2172"]

1.d4 Nf6 2.c4 e6 3.Nf3 b6 4.a3 Ba6 5.e3 d5 6.b3 Be7 7.Bd3 O-O 8.O-O dxc4
9.bxc4 c5 10.Bb2 Nc6 11.Qe2 Na5 12.Nbd2 Rc8 13.Ne5 cxd4 14.exd4 Nc6 15.Nxc6 Rxc6
16.f4 Rd6 17.Nb3 Re8 18.Rf3 Bb7 19.Rh3 Qa8 20.Re1 g6 21.g4 b5 22.c5 Rd7 23.g5 Nd5
24.Rh4 a5 25.Qe5 Bd8 26.Qe2 Bc7 27.Rf1 Ne7 28.d5 Rxd5 29.Rxh7 e5 30.Rh3 Qc8
31.Rh4 Nf5 32.Bxf5 Qxf5 33.fxe5 Qxg5+ 34.Rg4 Qh5 35.Qf3 Rd7 36.Qg3 Bxe5 37.Bxe5 Rxe5
38.Nxa5 Rd3 39.Qf4 Bd5 40.c6 Re4 41.Qb8+ Kg7 42.Rg2 Rg4  0-1

[Event "Teplice Open 2012"]
[Site "Teplice CZE"]
[Date "2012.06.19"]
[Round "4.12"]
[White "Hajek,Lu1"]
[Black "Lechtynsky,J"]
[Result "0-1"]
[WhiteElo "2080"]
[BlackElo "2382"]

1.d4 Nf6 2.c4 e6 3.Nf3 b6 4.a3 Ba6 5.Qc2 c5 6.d5 exd5 7.cxd5 Bb7 8.Nc3 Nxd5
9.Qe4+ Qe7 10.Ne5 f5 11.Qxf5 Nxc3 12.Bg5 Be4 13.Qf4 Qe6 14.bxc3 d5 15.e3 a6
16.Bc4 Bxg2 17.Rg1 Bd6 18.Rxg2 Bxe5 19.Qf3 dxc4 20.Qxa8 O-O 21.O-O-O Nc6
22.Qb7 Bxc3 23.Rd7 Qe4 24.Rg1 Bb2+ 25.Kd2 c3+ 26.Ke2 Qc2+  0-1

[Event "Hotel El Aguila GM"]
[Site "Utebo ESP"]
[Date "2012.06.20"]
[Round "4.3"]
[White "Del Rey,D"]
[Black "Pogorelov,R"]
[Result "1-0"]
[WhiteElo "2390"]
[BlackElo "2408"]

1.d4 e6 2.c4 Nf6 3.Nf3 b6 4.a3 Ba6 5.Qc2 Bb7 6.Nc3 c5 7.e4 cxd4 8.Nxd4 Bc5
9.Nb3 Nc6 10.Bg5 h6 11.Bh4 Nd4 12.Nxd4 Bxd4 13.Bd3 Qb8 14.Bg3 Be5 15.O-O-O a6
16.Qb3 Bxg3 17.hxg3 Bc6 18.Qb4 a5 19.Qb3 O-O 20.f4 Rc8 21.e5 Ng4 22.Rd2 Qb7
23.Re1 a4 24.Qb4 Bxg2 25.Kb1 f5 26.Nxa4 Rab8 27.Nxb6 Qf3 28.c5 Rc7 29.Qd4 Bh3
30.Bb5 Qxg3 31.Rg1 Qf3 32.Bxd7 Kf7 33.Bxe6+ Kg6 34.Bd5  1-0

[Event "Teplice Open 2012"]
[Site "Teplice CZE"]
[Date "2012.06.21"]
[Round "6.12"]
[White "Vales,V"]
[Black "Lechtynsky,J"]
[Result "0-1"]
[WhiteElo "2179"]
[BlackElo "2382"]

1.d4 Nf6 2.Nf3 e6 3.c4 b6 4.a3 Bb7 5.Nc3 d5 6.cxd5 Nxd5 7.Qc2 Nxc3 8.bxc3 Nd7
9.e4 c5 10.Bd3 Qc8 11.O-O Be7 12.Qe2 O-O 13.Bb2 Re8 14.Nd2 Bf8 15.f4 g6 16.e5 Qc7
17.Rf2 Rac8 18.h3 a6 19.Ne4 b5 20.g4 Qc6 21.Kh2 Qd5 22.Ng5 Qc6 23.f5 exf5
24.gxf5 Nxe5 25.Be4 Qc7 26.dxe5 Qxe5+ 27.Kg1 Bxe4 28.Qxe4 Qxe4 29.Nxe4 Rxe4
30.Raf1 c4 31.fxg6 Bc5  0-1

[Event "5th Karen Asrian Memorial"]
[Site "Jermuk ARM"]
[Date "2012.06.22"]
[Round "7.16"]
[White "Matevosian,S"]
[Black "Matnadze,A"]
[Result "1-0"]
[WhiteElo "2172"]
[BlackElo "2446"]

1.Nf3 Nf6 2.c4 e6 3.d4 b6 4.a3 Bb7 5.Nc3 g6 6.d5 Bg7 7.e4 exd5 8.exd5 O-O
9.Be2 a5 10.Rb1 d6 11.O-O Nbd7 12.b4 axb4 13.axb4 Re8 14.Nd4 Ne4 15.Ncb5 h6
16.Qc2 Kh7 17.Bd3 Nef6 18.f4 Ng4 19.Ne6 fxe6 20.Bxg6+ Kh8 21.Bxe8 Qxe8 22.h3 Ngf6
23.Nxc7 Qc8 24.Nxa8 Bxd5 25.Qe2 Bxa8 26.Qxe6 Qc6 27.Qe2 Ne4 28.Bb2 Ndf6 29.Rf3 Bb7
30.Ra1 Qc8 31.Re3 d5 32.cxd5 Bxd5 33.Ra7 Qf5 34.Be5 h5 35.Qd3 Qc8 36.Rxg7 Qc1+
37.Kh2 Kxg7 38.Rxe4 Bxe4 39.Qxe4  1-0

[Event "Teplice Open 2012"]
[Site "Teplice CZE"]
[Date "2012.06.24"]
[Round "9.27"]
[White "Stastny,Pe"]
[Black "Kudla,R"]
[Result "1-0"]
[WhiteElo "2075"]
[BlackElo "2025"]

1.d4 Nf6 2.c4 e6 3.Nf3 b6 4.a3 Be7 5.Nc3 Bb7 6.e3 O-O 7.Bd3 d6 8.e4 Nbd7
9.Bf4 c5 10.d5 e5 11.Bd2 Ne8 12.g4 g6 13.Qc2 Ng7 14.Ne2 Nf6 15.h3 Nxe4 16.Bxe4 f5
17.gxf5 gxf5 18.Bd3 e4 19.Nf4 exd3 20.Qxd3 Bf6 21.O-O-O Qe8 22.Rhg1 Kh8 23.Rde1 Qf7
24.Ng5 Qd7 25.Nfe6 Nxe6 26.Nxe6 Rf7 27.Bc3 Rg8 28.Rxg8+ Kxg8 29.Rg1+ Kh8
30.Qg3  1-0

[Event "Stockholm Master Open 2012"]
[Site "Stockholm SWE"]
[Date "2012.06.28"]
[Round "1.2"]
[White "Olund,Joar"]
[Black "Akesson,R"]
[Result "1/2-1/2"]
[WhiteElo "2178"]
[BlackElo "2433"]

1.d4 Nf6 2.c4 e6 3.Nf3 b6 4.a3 Bb7 5.Nc3 d5 6.cxd5 Nxd5 7.e3 Be7 8.Bd3 O-O
9.Qe2 c5 10.Nxd5 exd5 11.b3 Bf6 12.Bb2 cxd4 13.Nxd4 Nd7 14.b4 Ne5 15.O-O Rc8
16.Rac1 Nxd3 17.Qxd3 Qd7 18.Rxc8 Rxc8 19.Rc1 Rxc1+ 20.Bxc1 Qc8 21.Qc2 Qc4
22.Qxc4 dxc4 23.Bb2 Be4 24.f3 Bd3 25.Bc3 a6 26.Kf2 Kf8 27.g3  1/2-1/2

[Event "Stockholm Master Open 2012"]
[Site "Stockholm SWE"]
[Date "2012.06.29"]
[Round "3.13"]
[White "Olund,Joar"]
[Black "Wenzel,B"]
[Result "1/2-1/2"]
[WhiteElo "2178"]
[BlackElo "2038"]

1.d4 Nf6 2.c4 e6 3.Nf3 b6 4.a3 Bb7 5.Nc3 d5 6.cxd5 Nxd5 7.Qc2 Nxc3 8.bxc3 Be7
9.e4 O-O 10.Bd3 c5 11.O-O Qc7 12.Qe2 Nd7 13.a4 Rfd8 14.Bb2 Rac8 15.a5 c4
16.axb6 axb6 17.Bb1 Ra8 18.Rxa8 Rxa8 19.Nd2 b5 20.f4 Ba3 21.Nf3 Bxb2 22.Qxb2 Bc6
23.Qc2 Nf8 24.d5 exd5 25.e5 b4 26.cxb4 Qb6+ 27.Qf2 Qxf2+ 28.Kxf2 Rb8 29.Nd4 Ba4
30.Nf5 Ng6 31.Ke3 Rxb4 32.Kd4 Rb2 33.Ne3 Rd2+ 34.Kc3 Re2 35.Nxd5 Rxg2 36.Be4 Rxh2
37.Ra1 Bc6 38.f5 Nxe5 39.Ne7+ Kf8 40.Nxc6 Nxc6 41.Bxc6  1/2-1/2

[Event "ch-UAE 2012"]
[Site "Abu Dhabi UAE"]
[Date "2012.06.30"]
[Round "3.4"]
[White "Walid,Anwar"]
[Black "Ali,Mah"]
[Result "0-1"]
[WhiteElo "1877"]
[BlackElo "2100"]

1.d4 Nf6 2.Nf3 e6 3.c4 b6 4.a3 Bb7 5.Nc3 d5 6.Qc2 Nbd7 7.cxd5 exd5 8.Bf4 a6
9.e3 Rc8 10.Bd3 c5 11.O-O c4 12.Bf5 b5 13.Ne5 Ra8 14.Bg5 Qc7 15.f4 h6 16.Bh4 Bd6
17.Bg6 O-O 18.Bf5 Rfe8 19.Rf3 Be7 20.Raf1 Nf8 21.Bxf6 Bxf6 22.Rh3 Rad8 23.Qe2 Ne6
24.Qg4 Kf8 25.Bxe6 Rxe6 26.Qh5 Rb6 27.g4 Bc8 28.Rhf3 Be6 29.g5 hxg5 30.Ng4 Bxg4
31.Qxg4 gxf4 32.Rxf4 a5 33.Qh5 Qd7 34.Qf3 b4 35.axb4 axb4 36.Ne2 Qe6 37.Rf5 Re8
38.Qxd5 Qxd5 39.Rxd5 Rxe3 40.Nf4 Re4  0-1

[Event "e2e4 Buxton Open"]
[Site "Buxton ENG"]
[Date "2012.06.30"]
[Round "2"]
[White "Arkell,K"]
[Black "McPhillips,Joseph"]
[Result "1-0"]
[WhiteElo "2435"]
[BlackElo "2136"]

1.d4 e6 2.c4 Nf6 3.Nf3 b6 4.a3 Ba6 5.b3 Be7 6.Nc3 d5 7.cxd5 Nxd5 8.Nxd5 exd5
9.g3 Bf6 10.Bg2 O-O 11.O-O Re8 12.Ra2 c6 13.Be3 Nd7 14.Qd2 Nf8 15.Rc1 Bb7
16.Bg5 Bxg5 17.Nxg5 f6 18.Nf3 Qd6 19.e3 a5 20.Ne1 Ne6 21.Nd3 Ba6 22.h4 a4
23.b4 Nd8 24.Rac2 Bb5 25.Nf4 Ra7 26.Qd1 Qd7 27.Bh3 Qf7 28.Rc3 Rae7 29.h5 Re4
30.Bf5 R4e7 31.Qc2 h6 32.Bg6  1-0

[Event "ch-Pan Americano U20 2012"]
[Site "Sao Paulo BRA"]
[Date "2012.06.30"]
[Round "3.19"]
[White "De Almeida,H"]
[Black "Miquelin,Nicolas Seoane"]
[Result "0-1"]
[WhiteElo "2033"]
[BlackElo "1944"]

1.d4 Nf6 2.c4 e6 3.Nf3 b6 4.a3 c5 5.Qc2 Bb7 6.Nc3 Bxf3 7.exf3 cxd4 8.Ne4 Nc6
9.Bg5 h6 10.Bxf6 gxf6 11.Bd3 f5 12.Ng3 Rg8 13.O-O-O f4 14.Ne2 Rxg2 15.Nxf4 Rg8
16.Kb1 Qh4 17.Ne2 Qxf2 18.Nxd4 Qxd4 19.Bh7 Qh8 20.Bxg8 Qxg8 21.Rhg1 Qh8 22.f4 Qf6
23.Qe4 Qf5 24.Qxf5 exf5 25.Rde1+ Kd8 26.Rg8 Kc7 27.Rh8 Bb4 28.Rxa8 Bxe1 29.Rh8 Bd2
30.Rxh6 Bxf4 31.Rh7 Ne5 32.h4 Bg3 33.Kc2 f4 34.h5 f3 35.Kd1 f2 36.Ke2 f5
37.h6 Ng4 38.Rf7 Nxh6 39.Rf6 Ng4 40.Rxf5 Nh2 41.Rxf2 Bxf2 42.Kxf2 Kc6 43.Ke2 b5
44.Kd3 bxc4+ 45.Kxc4 d5+ 46.Kd3 Nf3 47.b3 Ne5+ 48.Kd4 Kd6 49.b4 Nc6+ 50.Kc3 Ke5
51.a4 d4+ 52.Kb3 Ke4 53.a5 Ke3 54.a6 d3 55.b5 Nb8 56.b6 Nxa6  0-1

[Event "XXI Adolf Anderssen Mem Prelim"]
[Site "Wroclaw POL"]
[Date "2012.06.30"]
[Round "1"]
[White "Sieciechowicz,M"]
[Black "Rakowiecki,A"]
[Result "1-0"]
[WhiteElo "2446"]
[BlackElo "1985"]

1.d4 Nf6 2.c4 e6 3.Nf3 b6 4.a3 Bb7 5.Nc3 Ne4 6.Nxe4 Bxe4 7.Nd2 Bb7 8.e4 d5
9.cxd5 exd5 10.e5 Be7 11.f4 c5 12.Bd3 Nc6 13.Nf3 Rc8 14.O-O cxd4 15.b4 a6
16.Bb2 O-O 17.Nxd4 Nxd4 18.Bxd4 f5 19.g4 Qd7 20.gxf5 Rxf5 21.Kh1 Qe6 22.Qg4 Rcf8
23.Bxf5 Rxf5 24.Rac1 h5 25.Qg3 h4 26.Qg4 Bd8 27.Rg1 Qf7 28.e6 Qf8 29.Bxg7 Rxf4
30.Bxf8+ Rxg4 31.Rxg4+ Kxf8 32.Rf1+ Ke8 33.Rg8+  1-0

[Event "40th TCh-GRE 2012"]
[Site "Achaea GRE"]
[Date "2012.07.01"]
[Round "2.1"]
[White "Pavlidis,Ana"]
[Black "Kamsky,G"]
[Result "0-1"]
[WhiteElo "2360"]
[BlackElo "2741"]

1.d4 Nf6 2.c4 e6 3.Nf3 b6 4.a3 c6 5.Bg5 d5 6.Nc3 Be7 7.cxd5 exd5 8.e3 O-O
9.Qc2 Nbd7 10.Bd3 Bb7 11.O-O g6 12.Rac1 Re8 13.Qe2 a6 14.h3 c5 15.dxc5 bxc5
16.Qd1 Qb6 17.Na4 Qa7 18.Be2 Rac8 19.Nc3 Bf8 20.Qd2 Qa8 21.Rfd1 Bg7 22.b4 d4
23.Na4 Ne4 24.Qa2 cxb4 25.Bc4 Nd6 26.Nxd4 Rxc4 27.Rxc4 Bd5 28.Nb2 Bxc4 29.Nxc4 Ne5  0-1

[Event "ch-Pan Americano U20 2012"]
[Site "Sao Paulo BRA"]
[Date "2012.07.02"]
[Round "7.16"]
[White "Caetano,Hugo Zanotti Mendonca"]
[Black "Miquelin,Nicolas Seoane"]
[Result "1/2-1/2"]
[WhiteElo "2070"]
[BlackElo "1944"]

1.d4 Nf6 2.c4 e6 3.Nf3 b6 4.a3 c5 5.d5 Ba6 6.Nc3 Bxc4 7.e4 Bxf1 8.Kxf1 d6
9.e5 dxe5 10.Qa4+ Nbd7 11.dxe6 fxe6 12.Ng5 Bd6 13.Qc6 Ke7 14.Nb5 Ne8 15.Ne4 Ndf6
16.Bg5 Rc8 17.Qb7+ Qd7 18.Qxd7+ Kxd7 19.Bxf6 gxf6 20.Rd1 Ke7 21.Nxa7 Rc7
22.Nb5 Rd7 23.Ke2 f5 24.Nd2 Rg8 25.g3 Nc7 26.Nxd6 Rxd6 27.Nc4 Rxd1 28.Rxd1 Nd5
29.Nxe5 b5 30.Rc1 c4 31.Nc6+ Kd6 32.Nd4 Rb8 33.Kf3 Nc7 34.Rd1 Kc5 35.Rd2 b4
36.axb4+ Rxb4 37.Kf4 Rxb2 38.Rxb2 Kxd4 39.Rd2+ Kc5 40.Ke3 Nd5+ 41.Ke2 c3
42.Ra2 Kc4 43.Ra8 Kb3 44.Kd1 Nb4 45.Rb8 Kc4 46.Rb7 h5 47.h4 Nd5 48.Kc2 Nb4+
49.Kd1 Nd5 50.Kc2 Nb4+  1/2-1/2

[Event "2nd Polugaevsky Mem"]
[Site "Samara RUS"]
[Date "2012.07.05"]
[Round "1.9"]
[White "Korovin,Mikhail"]
[Black "Dvoirys,S"]
[Result "1/2-1/2"]
[WhiteElo "2110"]
[BlackElo "2580"]

1.d4 Nf6 2.Nf3 e6 3.c4 b6 4.a3 Bb7 5.Nc3 d5 6.cxd5 exd5 7.Qa4+ c6 8.Bg5 Be7
9.e3 O-O 10.Be2 Nbd7 11.O-O Re8 12.Rfd1 Bd6 13.Rac1 Qb8 14.g3 Qd8 15.Bf4 Bf8
16.Bg5 Re6 17.Bf1 h6 18.Bxf6 Nxf6 19.Ne5 Qe8 20.Bh3 Rd6 21.Bg2 Bc8 22.e4 Be6
23.exd5 cxd5 24.Qxe8 Nxe8 25.Nb5 Rdd8 26.Nc6 Rd7 27.Ne5 Rdd8 28.Nc6 Rd7 29.Ne5 Rdd8  1/2-1/2

[Event "2nd Polugaevsky Mem"]
[Site "Samara RUS"]
[Date "2012.07.06"]
[Round "2.14"]
[White "Sukhareva,E"]
[Black "Shaposhnikov,E"]
[Result "0-1"]
[WhiteElo "2259"]
[BlackElo "2545"]

1.d4 Nf6 2.c4 e6 3.Nf3 b6 4.a3 Ba6 5.Qc2 Bb7 6.Nc3 c5 7.dxc5 bxc5 8.e3 Be7
9.Be2 O-O 10.O-O d5 11.cxd5 exd5 12.Rd1 Nbd7 13.b3 Rc8 14.Bb2 Re8 15.Rac1 Bd6
16.Nh4 d4 17.exd4 cxd4 18.Rxd4 Bc5 19.Ra4 Bxf2+ 20.Kxf2 Ne4+ 21.Kf1 Qxh4
22.Bf3 Ndc5 23.Bxe4 Qf4+ 24.Kg1 Qe3+ 25.Qf2 Qxf2+ 26.Kxf2 Nxa4 27.Nxa4 Bxe4
28.Rxc8 Rxc8 29.Nc3 Bb7 30.g3 Rd8 31.Ke3 Ba6 32.Ke4 Rd2 33.Na4 Bb5 34.Bd4 a6
35.Nc5 Rxh2 36.a4 Bf1 37.Kd5 Rd2 38.b4 f6 39.Ne6 Kf7 40.Nc7 h5 41.Kc5 g5
42.Nxa6 Bxa6 43.b5 Bb7 44.a5 Bf3 45.a6 Ra2 46.Kb6 h4 47.gxh4 gxh4 48.Kc7 h3
49.Bg1 Rg2  0-1

[Event "86th ch-ARG 2012"]
[Site "La Plata ARG"]
[Date "2012.07.07"]
[Round "5.17"]
[White "Negri,Sa"]
[Black "D'Ascanio,Adolfo"]
[Result "1-0"]
[WhiteElo "2188"]
[BlackElo "1906"]

1.d4 Nf6 2.Nf3 e6 3.c4 b6 4.a3 Bb7 5.Nc3 d5 6.cxd5 exd5 7.g3 Be7 8.Qa4+ Qd7
9.Qc2 O-O 10.Bg2 c5 11.O-O Nc6 12.Rd1 c4 13.Ne5 Qd8 14.e4 Na5 15.Bg5 dxe4
16.d5 Ne8 17.Nc6 Bxc6 18.dxc6 Nd6 19.Nxe4 Nb3 20.Rab1 Bxg5 21.Rxd6 Qe7 22.Rd7 Qe5
23.f4 Bxf4 24.gxf4 Qxf4 25.Qxc4  1-0

[Event "Werner-Ott-Open 2012"]
[Site "Berlin GER"]
[Date "2012.07.08"]
[Round "2.8"]
[White "Kirchhof,A"]
[Black "Glantz,R"]
[Result "1-0"]
[WhiteElo "2034"]
[BlackElo "2286"]

1.d4 Nf6 2.c4 e6 3.Nf3 b6 4.a3 Bb7 5.Nc3 d5 6.Bg5 Be7 7.e3 O-O 8.cxd5 exd5
9.Bd3 Ne4 10.Bxe7 Qxe7 11.O-O Nd7 12.Rc1 c6 13.Qe2 a5 14.Rfd1 Rfe8 15.Qc2 f5
16.Ne2 Qd6 17.Nf4 Ndf6 18.Ne5 Rxe5 19.dxe5 Qxe5 20.Qe2 c5 21.Bxe4 fxe4 22.Qb5 Qd6
23.b4 cxb4 24.axb4 a4 25.Rd4 g5 26.Ne2 a3 27.Nc3 Ba6 28.Qa4 Ng4 29.g3 Qh6
30.h4 Qf8 31.Rd2 Bc4 32.Qd7 h5 33.Nxd5 a2 34.Ra1 Rd8 35.Ne7+ Qxe7 36.Qxd8+ Qxd8
37.Rxd8+ Kf7 38.hxg5 Ne5 39.Rc8 Bd5 40.Rc2 Kg6 41.Rcxa2 Bxa2 42.Rxa2 Kxg5
43.Ra6 Nc4 44.Ra8 Kf5 45.Rh8 Kg5 46.Rd8 Kf5 47.Rd5+ Ne5 48.Rb5  1-0

[Event "86th ch-ARG 2012"]
[Site "La Plata ARG"]
[Date "2012.07.08"]
[Round "7.11"]
[White "Negri,Sa"]
[Black "Filgueira,H"]
[Result "0-1"]
[WhiteElo "2188"]
[BlackElo "2308"]

1.c4 e6 2.d4 Nf6 3.Nf3 b6 4.a3 Bb7 5.Nc3 g6 6.d5 Bg7 7.e4 O-O 8.Bd3 d6 9.O-O c5
10.h3 e5 11.g4 h5 12.g5 Nh7 13.Kh2 f6 14.Rg1 Na6 15.Rg2 Qd7 16.Ne2 Bc8 17.Neg1 Qf7
18.Be3 Bd7 19.Qd2 Kh8 20.Ne2 Rg8 21.Rag1 Be8 22.Ng3 fxg5 23.Nxg5 Nxg5 24.Bxg5 Kh7
25.Rf1 Bf6 26.f4 Bxg5 27.fxg5 Qe7 28.Rf6 Rg7 29.Rgf2 Bd7 30.Qe2 Be8 31.h4 Nc7
32.a4 Bf7 33.Qf1 Be8 34.Be2 a6 35.Bd3 Rb8 36.Qd1 Bf7 37.Bf1 Be8 38.Bh3 b5
39.axb5 axb5 40.b3 bxc4 41.bxc4 Bf7 42.Qf1 Bg8 43.Qa1 Ne8 44.R6f3 Qc7 45.Rf8 Re7
46.Qf1 Ng7  0-1

[Event "Werner-Ott-Open 2012"]
[Site "Berlin GER"]
[Date "2012.07.09"]
[Round "3.8"]
[White "Johansson,G1"]
[Black "Bahner,J"]
[Result "1-0"]
[WhiteElo "2225"]
[BlackElo "2000"]

1.d4 Nf6 2.c4 e6 3.Nf3 b6 4.a3 Bb7 5.Nc3 Be7 6.d5 O-O 7.e4 d6 8.Be2 e5 9.O-O Nbd7
10.b4 g6 11.Bh6 Re8 12.Ne1 Bf8 13.Be3 Qe7 14.Nd3 Ba6 15.Qb3 Bg7 16.f3 Nh5
17.a4 f5 18.a5 f4 19.Bf2 Bf6 20.axb6 axb6 21.Ra2 Bb7 22.Rfa1 Bh4 23.Bxh4 Qxh4
24.Nb5 Rxa2 25.Rxa2 Qd8 26.c5 Ndf6 27.c6  1-0

[Event "5th Int ch-Central Serbia 2012"]
[Site "Paracin SRB"]
[Date "2012.07.09"]
[Round "4.32"]
[White "Dimic,P"]
[Black "Mladenovic,St"]
[Result "1/2-1/2"]
[WhiteElo "2116"]
[BlackElo "2236"]

1.d4 Nf6 2.Nf3 e6 3.c4 b6 4.a3 Ba6 5.e3 Be7 6.Bd3 d5 7.cxd5 Bxd3 8.Qxd3 exd5
9.Nc3 O-O 10.O-O Re8 11.Ne5 Bd6 12.f4 c6 13.Bd2 Nfd7 14.Rf3 f6 15.Rh3 Nf8
16.Nf3 Nbd7 17.Kh1 b5 18.Rg1 Nb6 19.g4 g6 20.f5 g5 21.Rh5 Kg7 22.h4 h6 23.hxg5 hxg5
24.Qf1 b4 25.axb4 Bxb4 26.Qh3 Nc4 27.Rh8 Qd6 28.Rg2 Kf7 29.Qh5+ Ke7 30.e4 Bxc3
31.e5 Nxe5 32.dxe5 Bxe5 33.Nxe5 Qxe5 34.Bb4+ c5 35.Bxc5+ Kd7 36.Qf7+ Kc6
37.Bxf8 Rxf8 38.Rxf8 Qe1+ 39.Kh2 Qh4+ 40.Kg1  1/2-1/2

[Event "Int Open ch-SVK 2012"]
[Site "Banska Stiavnica SVK"]
[Date "2012.07.10"]
[Round "4.24"]
[White "Jablonicky,F"]
[Black "Svaralova,Monika"]
[Result "1-0"]
[WhiteElo "2201"]
[BlackElo "2036"]

1.Nf3 Nf6 2.d4 e6 3.c4 b6 4.a3 Bb7 5.Nc3 Be7 6.d5 O-O 7.e4 d6 8.Qc2 e5 9.Be2 Nbd7
10.O-O Ne8 11.b4 g6 12.Bh6 Ng7 13.Bd3 Bc8 14.Ne2 Nf6 15.h3 Kh8 16.Nh2 Ng8
17.Bd2 f5 18.f4 Bf6 19.fxe5 Bxe5 20.Rae1 fxe4 21.Bxe4 Nf5 22.Bc3 Bxc3 23.Qxc3+ Qf6
24.g4  1-0